Tmavá jaskyňa

Bibliographic Details
Main Author: Kwasniewski, Kazimierz (Author)
Other Authors: Gerbóc, Jozef, 1942-2000 (Translator)
Format: Book
Language:Slovak
Polish
PhysicalDescription:48 s. 4°
Published: Bratislava Smena 1973
Series:Dobrodružné romány
Subjects:

MARC

LEADER 00000cam a2200000 a 4500
001 vtls008310826
003 SK-MaSNL
005 20260301074856.0
008 251124s1973 xo a gr 000 0 slo
015 |a SNBA1973/07-01663 
035 |a SK01SNK19730003043 
035 |a SKM000005506 
040 |a SNK  |b slo  |c SNK  |e AACR2 
041 1 |a slo  |h pol 
044 |a xo  |c SK 
080 |a 884-3  |2 1981 
100 1 |a Kwasniewski, Kazimierz  |4 aut  |9 398159 
240 1 0 |a Ciemna jaskinia  |l Slovensky 
245 1 0 |a Tmavá jaskyňa  |c Kazimierz Kwasniewski ; z poľ. orig. Ciemna jaskinia ... prel. Jozef Gerbóc 
260 |a Bratislava  |b Smena  |c 1973  |e Bratislava  |f Pravda 
300 |a 48 s.  |c 4° 
490 0 |a Dobrodružné romány  |v Č. 203 
500 |a Ilustr. 
563 |a 37500 výtl. 
655 7 |a umelecká literatúra  |2 SNKPH  |9 60405 
655 7 |a poľské romány  |2 SNKPH  |9 70521 
655 7 |a dobrodružné romány  |2 SNKPH  |9 70486 
700 1 |a Gerbóc, Jozef,  |d 1942-2000  |4 trl  |9 13284 
730 |a Ciemna jaskinia  |9 398160 
830 0 |a Dobrodružné romány  |9 276927 
958 |a OND 
958 |a TL 
958 |a RK 
958 |a LX 
958 |a UP 
958 |a PL 
999 |c 648501  |d 650431 
952 |a SNK  |b SNK  |y PREZ  |7 0  |p 17A0898239  |o snkSB 19566  |i snkKSP 4506/73  |0 0  |1 0  |4 0  |d 2015-11-30  |l 0  |r 2025-03-20 00:00:00  |w 2026-02-23 
952 |a SNK  |b SNK  |y VYP  |7 0  |o snkSB 19566 D1  |i snkKSP 4507/73  |0 0  |1 0  |4 0  |d 2015-11-30  |l 0  |r 2026-02-23 18:14:30  |w 2026-02-23